| 000 | 00000nam##2200000za#4500 |
| 001 | 9.516672 |
| 003 | CaOODSP |
| 005 | 20200327031544 |
| 007 | ta |
| 008 | 150406|1990||||xxc||||| f|0| 0 eng|d |
| 020 | |a0-660-56250-2|z0-662-57446-X |
| 022 | |a0706-148X |
| 040 | |aCaOODSP|beng |
| 041 | |aeng |
| 041 | |afre |
| 043 | |an-cn--- |
| 086 | 1 |aS52-2/197 |
| 110 | 1 |aCanada.|bSecretary of State of Canada. |bTranslation Bureau. |
| 245 | 10|aVocabulary of agriculture / |cby Pierre Dermine and Line Paradis. |
| 260 | |aOttawa - Ontario : |bSecretary of State of Canada. |c1990. |
| 300 | |a1213p. : |c22 cm. |
| 490 | 1 |aTerminology bulletin|x0706-148X|v197 |
| 504 | |aBibliography. |
| 520 | 3 |aMore than 9,000 entries reflect the evolution and complexity of agricultural terminology, which encompasses a wide range of fields, including soil science and veterinary medicine, biotechnology and genetic engineering, animal science and agrometeorology, food science and agricultural engineering. Terminology Bulletin 197. |
| 546 | |aBilingual. Bilingual |
| 563 | |aSoftcover |
| 590 | |a91-02|b1991-01-11 |
| 690 | 07|aAgriculture|2gcpds |
| 690 | 07|aTerminology|2gcpds |
| 720 | 1 |aParadis, Line |
| 720 | 1 |aDermine, Pierre |
| 776 | 0#|tVocabulaire de l'agriculture / |w(CaOODSP)9.590496 |
| 792 | |tVocabulaire de l'agriculture / |efre|w(CaOODSP)9.516673 |
| 830 | #0|aTerminology bulletin,|x0706-148X|v197|w(CaOODSP)9.509598 |